Warschauer Pakt Länder - Statistiken

Allgemein
  • Dieses Quiz wurde 282 mal gespielt
  • Das Durchschnittsergebnis liegt bei 6 aus 8
Antwortstatistiken
Land % Korrekt
Polen
97%
Sowjetunion
85%
Rumänien
75%
Ungarn
73%
Bulgarien
71%
Tschechoslowakei
69%
Deutsche Demokratische Republik
58%
Albanien
42%
Keine übereinstimmenden Quizze gefunden
Verteilung der Resultate
Anzahl Personen mit jedem Resultat
Perzentil nach korrekt beantworteten Fragen
Ihre Resultats-Entwicklung
Sie haben dieses Quiz noch nicht gespielt